| 000 | 00333nam a2200109Ia 4500 | ||
|---|---|---|---|
| 008 | 171211s9999 xx 000 0 und d | ||
| 245 | _aStern's Introductory Plant Biology Edition Twelve | ||
| 245 | _cJames Bidlack and Shelley Jansky | ||
| 260 | _c2011 | ||
| 650 | _xBiology | ||
| 856 | _uhttp://down.ebook777.com/062/9780073040523.pdf | ||
| 999 |
_c350400 _d350400 |
||